000 00559nam a2200181Ia 4500
005 20250508164817.0
008 008 250505s9999 xx 000 0 eng d
037 _aTheses
040 _aFEDL
_beng
_cFEDL
041 _aeng
_2eng
084 _a420.7, KOH/TH
_qFEDL
100 _aKohli Jyoti
245 0 _aDevelopment of alternative materials for teaching english as a second language at the senior secondary level
260 _c2007
546 _aPH.D Thesis (Delhi University)
942 _cTH
_h420.7, KOH/TH
999 _c1391324
_d1391324